000 00459nam a2200181Ia 4500
001 714
005 20260306140538.0
008 260306t2009||||xx |||||||||||||| ||spa||
041 _aESP
082 _a142.78
_bG15
100 _aGallagher, Shaun
_eAUT
245 0 _aLa mente fenomenológica :
_bfilosofía della mente e scienze cognitive
260 _c2009
300 _a379 páginas :
_c22 cm.
650 _aGEN
654 _aCHU
942 _cLIB
_dJUS
_fJUS
_2ddc
_n
999 _c714
_d714